01009nam a22002297a 450000500170000001000130001702000220003003500130005203700160006504000120008108200280009310000340012124501130015524600560026826000700032427001030039430000740049765000720057165000660064365000330070965000370074220170124103202.0 aA-975452 c300.00a817056154 aA-975452 bCen Lib/Ret aDPLbHN a612bसिंहबृ aसिंह, बृंदा aमानव शरीर एवं क्रिया विज्ञान /cबृंदा सिंह aManav shareer ewam kriya vigyan /bby Brinda Singh  aजयपुर bपंचशील प्रकाशन c1999 bजयपुर aफिल्म कॉलोनी, चौड़ा रास्ता e302 003 a298पृ. :c20सेमी(सजिल्द)bसचित्र  aमानव शरीर -- अस्थि संधियाँ  aमानव शरीर -- कंकाल तंत्र  aThe human body - bone joints aThe human body - skeletal system